|
|
|
|
| LEADER |
00000nta a2200000 i 4500 |
| 001 |
dolg2141 |
| 005 |
20160210103130.0 |
| 008 |
160210suuuu hu om 000 hun d |
| 040 |
|
|
|a BGE Dolgozattár Repozitórium
|b hun
|
| 041 |
|
|
|a hu
|
| 100 |
1 |
|
|a Biró Annamária
|
| 245 |
1 |
2 |
|a A performancia alapú online marketing eszközök alkalmazási területei és helye a marketingstratégiában
|c Biró Annamária
|h [elektronikus dokumentum]
|
| 695 |
|
|
|a performancia alapú online marketing eszközök,
|
| 695 |
|
|
|a online marketing
|
| 700 |
1 |
|
|a Fehér Dr. Katalin
|e ths
|
| 856 |
4 |
0 |
|u http://dolgozattar.uni-bge.hu/2141/1/Bir%C3%B3%20Annam%C3%A1ria%20szakdogozat.pdf
|z Dokumentum-elérés
|